[Event "1/128 Finale"]
[Site "www.chess-mail.com"]
[Date "2017.11.20"]
[Round "1"]
[White "Odin"]
[Black "Apdash"]
[WhiteElo "1840"]
[BlackElo "2210"]
[Result "0-1"]
[Round "1"]
1.d4 d5
2.e3 Ng8f6
3.Ng1f3 Bc8g4
4.Bf1e2 e6
5.Nb1d2 Bf8b4
6.a3 Bb4a5
7.b4 Ba5b6
8.a4 a5
9.Bc1a3 axb4
10.Ba3xb4 Nb8d7
11.h3 Bg4h5
12.Nf3e5 Bh5xe2
13.Qd1xe2 c5
14.dxc5 Bb6xc5
15.Bb4xc5 Nd7xc5
16.Qe2b5 Nf6d7
17.Ne5xd7 Nc5xd7
18.Qb5b4 b6
19.Nd2f3 Qd8e7
20.Qb4xe7 Kxe7
21.O-O Rh8c8
22.Nf3d4 e5
23.Nd4f5 Kf6
24.g4 Rc8xc2
25.f4 e4
26.h4 g6
27.Nf5d6 Rc2e2
28.Ra1e1 Re2xe1
29.Rf1xe1 Ra8xa4
30.Re1e2 Ke6
31.Nd6b5 Ra4b4
32.Nb5c7 Kd6
33.Re2c2 Nd7c5
34.Nc7e8 Kc6
35.g5 d4
36.exd4 Rb4xd4
37.Ne8f6 e3
38.Nf6g4 Rd4xf4
39.Ng4xe3 Rf4xh4
40.Kg2 Rh4h5
41.Kg3 Rh5xg5
42.Kf4 Rg5g1
43.Ke5 f5
44.Kf6 f4
45.Ne3g2 Rg1f1
46.Kg7 f3
47.Ng2e3 Rf1e1
48.Ne3g4 Re1e2
49.Rc2c1 h5
50.Ng4f6 f2
51.Rc1f1 Nc5d3
52.Kxg6 Re2e1
{ resign }
0-1

[Event "Eq:Slap Shot Mates-Tigers of Istanbul : "]
[Site "www.chess-mail.com"]
[Date "2017.11.20"]
[Round "1"]
[White "Chessington"]
[Black "Gvladutz"]
[WhiteElo "2720"]
[BlackElo "2500"]
[Result "1-0"]
[Round "1"]
1.Ng1f3 d5
2.b3 Bc8g4
3.e3 Nb8d7
4.Bc1b2 e6
5.Bf1e2 Ng8f6
6.O-O Bf8e7
7.h3 Bg4h5
8.c4 O-O
9.Nb1c3 c6
10.d4 Qd8c7
11.Nf3e5 Bh5xe2
12.Qd1xe2 Nd7xe5
13.dxe5 Nf6d7
14.cxd5 exd5
15.f4 Rf8e8
16.Qe2g4 Nd7c5
17.Rf1d1 Qc7b6
18.Nc3e2 Nc5e4
19.Rd1d4 Be7c5
20.Rd4xe4 dxe4
21.Ne2g3 Bc5f8
22.Kh1 Qb6xe3
23.Ng3f5 h5
24.Qg4g5 Qe3f2
25.Bb2a3 c5
26.Nf5h6 Kh7
27.Nh6xf7 Bf8e7
28.Ba3xc5 Qf2xc5
29.Qg5xh5 Kg8
30.f5 Qc5c3
31.Ra1f1 Qc3d3
32.Nf7h6 gxh6
33.Qh5g6 Kh8
34.Qg6xh6 Kg8
35.Rf1f4 Qd3d1
36.Kh2 Be7c5
37.Rf4g4 Qd1xg4
38.hxg4 Re8e7
39.Qh6g6 Re7g7
40.Qg6e6 Kh8
41.f6 Rg7h7
42.Kg3 e3
43.Qe6c4 b6
44.b4 Bc5f8
45.e6 e2
46.Qc4xe2 Bf8d6
47.Kf3 Ra8f8
48.g5 Rh7g7
49.Qe2d2 Bd6e7
50.Ke4 Rg7h7
51.Kf5 Rh7g7
52.Qd2d4 Kh7
53.Qd4e5 a5
54.bxa5 bxa5
55.Ke4 Rg7xg5
56.Qe5xg5 Rf8xf6
57.Kd5 a4
58.Qg5h5 Kg7
59.Qh5e8 Be7b4
60.Qe8xa4 Bb4e7
61.Qa4e8 Be7a3
62.Qe8d7 Kh6
63.e7 Ba3xe7
64.Qd7xe7 Kg6
65.Qe7xf6 Kxf6
66.a4 { resign }
1-0

[Event "Eq:Slap Shot Mates-Tigers of Istanbul : "]
[Site "www.chess-mail.com"]
[Date "2017.11.20"]
[Round "1"]
[White "Gvladutz"]
[Black "Chessington"]
[WhiteElo "2500"]
[BlackElo "2720"]
[Result "0-1"]
[Round "1"]
1.Ng1f3 Ng8f6
2.c4 e6
3.Nb1c3 b6
4.e4 Bc8b7
5.Bf1d3 c5
6.e5 Nf6g4
7.O-O d6
8.Bd3e4 Bb7xe4
9.Nc3xe4 Ng4xe5
10.Nf3xe5 dxe5
11.Qd1f3 Nb8c6
12.Ne4f6 Ke7
13.Qf3xc6 Ra8c8
14.Qc6a4 gxf6
15.Qa4xa7 Qd8c7
16.Qa7xc7 Rc8xc7
17.d3 Bf8g7
18.b4 cxb4
19.Bc1e3 Rh8a8
20.Be3xb6 Rc7c6
21.c5 f5
22.Ra1b1 Ra8a4
23.Rf1c1 e4
24.dxe4 fxe4
25.Rc1c2 Bg7d4
26.g4 e5
27.h3 Ke6
28.Kg2 Rc6c8
29.Rb1e1 Kd5
30.Re1d1 Rc8a8
31.Rd1d2 Kc6
32.Rd2e2 Ra4a3
33.Rc2d2 e3
34.fxe3 Bd4xe3
35.Rd2b2 f5
36.Rb2xb4 Ra3xa2
37.Kf3 Ra2xe2
38.Kxe2 f4
39.Kd3 Ra8a3
40.Ke4 f3
41.Bb6a7 f2
42.Rb4b6 Kd7
43.Rb6b7 Kc8
44.Rb7b8 Kc7
45.Rb8b1 Be3d4
46.Ba7b8 Kc6
47.Bb8xe5 Bd4xe5
48.Kxe5 Ra3e3
49.Kd4 Re3e1
50.Rb1b6 Kc7
51.Rb6f6 f1Q
52.Rf6xf1 Re1xf1
53.Ke5 Rf1h1
54.Kd5 Rh1xh3
55.Ke4 Rh3c3
56.Kd4 Rc3g3
57.Kd5 Rg3xg4
58.Ke5 Rg4a4
59.Kd5 h5
60.Ke6 h4
61.Kd5 h3
62.Ke5 h2
63.Kf6 h1Q
64.Kg5 Qh1f3
65.Kh6 Ra4g4
{ resign }
0-1

[Event "Fast Game"]
[Site "www.echecsemail.com"]
[Date "2017.11.20"]
[Round "1"]
[White "Pellix84"]
[Black "Libiesse"]
[WhiteElo "1700"]
[BlackElo "1590"]
[Result "0-1"]
[Round "1"]
1.d4 d5
2.c4 e6
3.g3 c6
4.Bf1g2 Ng8f6
5.Ng1f3 Bf8e7
6.O-O O-O
7.Nb1c3 Nb8d7
8.Rf1e1 Rf8e8
9.cxd5 exd5
10.e4 dxe4
11.Nc3xe4 Nf6xe4
12.Re1xe4 Nd7f6
13.Re4e1 h6
14.Qd1b3 Nf6d5
15.Nf3e5 Bc8e6
16.Qb3xb7 Qd8a5
17.Bc1e3 Re8b8
18.Qb7xc6 Rb8c8
19.Qc6b7 Ra8b8
20.Ne5c6 Qa5xe1
21.Ra1xe1 Rb8xb7
 { time }
0-1

[Event "Tourn. n9622"]
[Site "www.chess-mail.com"]
[Date "2017.11.21"]
[Round "1"]
[White "Cal"]
[Black "Begory"]
[WhiteElo "1690"]
[BlackElo "1520"]
[Result "0-1"]
[Round "1"]
1.c4 d5
2.cxd5 Qd8xd5
3.d4 Nb8c6
4.Ng1f3 Bc8g4
5.Nb1c3 Qd5d8
6.Bc1f4 a6
7.Nf3h4 e5
8.Bf4g3 Qd8xd4
9.Qd1b3 O-O-O
10.h3 Bg4e6
11.e3 Qd4d2
{ resign }
0-1

[Event "Tourn. n9590"]
[Site "www.chess-mail.com"]
[Date "2017.11.21"]
[Round "1"]
[White "Geretree"]
[Black "Bojan"]
[WhiteElo "1940"]
[BlackElo "1970"]
[Result "0-1"]
[Round "1"]
1.e4 e5
2.Ng1f3 Nb8c6
3.Nb1c3 a6
4.Bf1c4 h6
5.a3 Ng8f6
6.d4 exd4
7.Nf3xd4 Nc6e5
8.Bc4a2 d6
9.h3 c5
10.Nd4f3 Ne5xf3
11.Qd1xf3 Qd8e7
12.O-O Bc8e6
13.Ba2xe6 fxe6
14.Bc1e3 e5
15.Qf3f5 Qe7f7
16.Nc3d5 { time. }
0-1

[Event "Tourn. n9614"]
[Site "www.chess-mail.com"]
[Date "2017.11.21"]
[Round "1"]
[White "Bojan"]
[Black "Vios"]
[WhiteElo "2010"]
[BlackElo "2200"]
[Result "0-1"]
[Round "1"]
1.e4 d5
2.exd5 Ng8f6
3.c4 c6
4.dxc6 Nb8xc6
5.Nb1a3 e5
6.Na3c2 Bf8c5
7.f3 Bc8f5
8.d3 Qd8b6
9.Ng1h3 O-O-O
10.b3 e4
11.fxe4 Nf6xe4
12.Qd1f3 Qb6a5
13.b4 Bc5xb4
14.Kd1 Nc6d4
15.Nc2xd4 Rd8xd4
16.Bc1b2 Qa5a4
17.Kc1 Rd4xc4
18.dxc4 Bb4d2
19.Kb1 Ne4c3
{ resign }
0-1

[Event "Tourn. n9550"]
[Site "www.chess-mail.com"]
[Date "2017.11.21"]
[Round "1"]
[White "Redapond1"]
[Black "Azulmarino"]
[WhiteElo "1650"]
[BlackElo "1600"]
[Result "1-0"]
[Round "1"]
1.d4 d5
2.Bc1f4 e6
3.Nb1c3 a6
4.Ng1f3 h6
5.e3 Bf8b4
6.Qd1d2 Ng8f6
7.a3 Nf6e4
8.Qd2d3 Ne4f6
9.axb4 b5
10.Nc3xb5 axb5
11.Ra1xa8 Bc8d7
12.Nf3e5 O-O
13.Ne5xd7 Nf6xd7
14.Qd3xb5 Qd8f6
15.Bf4xc7 Qf6f5
16.Bf1d3 Qf5g4
17.O-O Nd7f6
18.Ra8xb8 Qg4h4
19.Rb8xf8 Kxf8
20.Qb5b8 Nf6e8
21.Bd3b5 Ke7
22.Qb8d8 { resign }
1-0

[Event "Tourn. n9452"]
[Site "www.chess-mail.com"]
[Date "2017.11.21"]
[Round "1"]
[White "Jackbauer"]
[Black "Passaroa25"]
[WhiteElo "1890"]
[BlackElo "1680"]
[Result "0-1"]
[Round "1"]
1.e4 c6
2.f4 d6
3.Ng1f3 f6
4.h3 Bc8e6
5.Nb1c3 Be6f7
6.d4 Nb8d7
7.d5 Nd7b6
8.Bc1e3 Qd8c7
9.dxc6 bxc6
10.b3 e6
11.Bf1e2 Ng8e7
12.O-O g6
13.Be2a6 Ne7c8
14.Rf1e1 Bf8e7
15.Ba6d3 O-O
16.a4 a5
17.Nf3d4 Nc8a7
18.Nc3e2 d5
19.f5 h5
20.Nd4xe6 Bf7xe6
21.fxe6 g5
22.h4 g4
23.Be3h6 Rf8e8
24.Ne2f4 Be7b4
25.Re1f1 Bb4c3
26.Ra1b1 Bc3d4
27.Kh1 Qc7e5
28.Qd1e2 Nb6c8
29.c4 Nc8b6
30.c5 Nb6c8
31.g3 Kh7
32.Nf4xh5 Qe5xe6
33.Rf1xf6 Bd4xf6
34.exd5 Kxh6
35.Qe2xe6 Re8xe6
36.dxe6 Kxh5
37.Rb1f1 Bf6e7
38.Rf1f7 Ra8b8
39.Rf7f5 Kg6
40.h5 Kh6
41.Rf5f7 Rb8xb3
42.Rf7h7 Kg5
43.Bd3c4 Rb3xg3
44.Rh7g7 Kxh5
45.Rg7f7 Be7xc5
46.Rf7f5 Kh4
47.Rf5xc5 Nc8d6
48.Rc5xa5 Rg3h3
49.Kg2 Na7c8
50.Bc4a6 Nc8e7
51.Ba6f1 Rh3g3
52.Kh2 Nd6e4
53.Ra5a7 Rg3f3
54.Ra7xe7 Rf3xf1
55.Re7h7 Kg5
56.e7 Ne4d6
57.Rh7h8 Rf1f2
58.Kg1 Rf2f6
59.a5 Rf6e6
60.Rh8g8 Kf4
61.Rg8g7 g3
62.a6 Nd6c8
63.Rg7g8 Nc8xe7
64.Rg8f8 Kg4
65.Rf8f1 Ne7c8
66.Rf1a1 Nc8a7
67.Ra1a2 Kh3
68.Ra2c2 Re6e1
{ resign }
0-1

[Event "Tourn. n9603"]
[Site "www.chess-mail.com"]
[Date "2017.11.21"]
[Round "1"]
[White "Tobernor"]
[Black "Hansen"]
[WhiteElo "1599"]
[BlackElo "1540"]
[Result "1-0"]
[Round "1"]
1.e4 Ng8f6
2.Nb1c3 e5
3.Ng1f3 d6
4.d4 Bc8g4
5.dxe5 dxe5
6.Qd1xd8 Kxd8
7.Nf3xe5 Bg4e6
8.a3 Bf8c5
9.Bf1c4 Be6xc4
10.Ne5xc4 Nf6g4
11.f3 Ng4f6
12.Bc1f4 Rh8e8
13.O-O-O Ke7
14.Bf4xc7 Nb8a6
15.Bc7d6 Bc5xd6
16.Nc4xd6 g6
17.Nd6xe8 Nf6xe8
18.Rd1d4 b5
19.Nc3xb5 Ra8c8
20.Nb5xa7 Rc8c5
21.Rh1d1 Ne8f6
22.b4 Rc5c3
23.Kb2 Rc3c7
24.Na7b5 Nf6e8
25.Nb5xc7 { resign }
1-0

[Event "Tourn. n9598"]
[Site "www.chess-mail.com"]
[Date "2017.11.21"]
[Round "1"]
[White "Malbertan"]
[Black "Jackbauer"]
[WhiteElo "1910"]
[BlackElo "1930"]
[Result "1-0"]
[Round "1"]
1.e4 c5
2.Ng1f3 d6
3.d4 cxd4
4.Qd1xd4 e5
5.Qd4d1 Ng8f6
6.Nb1c3 Bf8e7
7.Bf1c4 O-O
8.O-O Nb8c6
9.Qd1e2 Qd8c7
10.Bc1g5 Nc6d8
11.Bg5xf6 Be7xf6
12.Nc3d5 Qc7c6
13.Nd5xf6 gxf6
14.Bc4b3 Kh8
15.Bb3d5 Qc6c7
16.h3 Rf8g8
17.Nf3h4 Bc8e6
18.Qe2h5 f5
19.Bd5xe6 Nd8xe6
20.Nh4xf5 Rg8g5
21.Qh5h6 Ra8g8
22.Qh6f6 Ne6g7
23.Qf6xg5 Qc7xc2
24.Nf5h6 Rg8f8
25.Qg5f6 Qc2c7
26.Ra1c1 Qc7d8
27.Qf6xd8 Rf8xd8
28.Nh6xf7 { resign }
1-0

[Event "Tourn. n9554"]
[Site "www.chess-mail.com"]
[Date "2017.11.21"]
[Round "1"]
[White "Passaroa25"]
[Black "Azulmarino"]
[WhiteElo "1680"]
[BlackElo "1650"]
[Result "1-0"]
[Round "1"]
1.e4 e5
2.f3 Nb8c6
3.c3 Bf8c5
4.Ng1e2 d6
5.Ne2g3 Qd8h4
6.b4 Bc5b6
7.Qd1e2 Ng8f6
8.d3 Bc8e6
9.Bc1e3 Bb6xe3
10.Qe2xe3 O-O
11.Nb1d2 a6
12.Qe3f2 b5
13.Bf1e2 a5
14.Ng3f5 Qh4g5
15.O-O-O axb4
16.h4 bxc3
{ time. }
1-0

[Event "Tourn. n9616"]
[Site "www.chess-mail.com"]
[Date "2017.11.21"]
[Round "1"]
[White "Liencam2"]
[Black "Piekki"]
[WhiteElo "2270"]
[BlackElo "2160"]
[Result "1-0"]
[Round "1"]
1.e4 c6
2.d4 d5
3.f3 dxe4
4.fxe4 e5
5.Ng1f3 exd4
6.Bf1c4 Bf8e7
7.O-O Ng8f6
8.Nf3g5 { resign }
1-0

[Event "Tourn. n9596"]
[Site "www.chess-mail.com"]
[Date "2017.11.21"]
[Round "1"]
[White "Dussek"]
[Black "Joaodelisboa"]
[WhiteElo "1830"]
[BlackElo "1929"]
[Result "0-1"]
[Round "1"]
1.d4 Ng8f6
2.c4 e6
3.Nb1d2 Bf8e7
4.Ng1f3 d5
5.e3 O-O
6.Bf1d3 c5
7.O-O b6
8.b3 Bc8b7
9.Bc1b2 Nb8d7
10.Qd1c2 Ra8c8
11.Qc2b1 cxd4
12.Nf3xd4 Nd7c5
13.Bd3e2 Nc5e4
14.Nd2f3 h6
15.Rf1d1 a6
16.Nf3e5 Qd8c7
17.f3 Ne4c5
18.f4 Be7d6
19.Rd1f1 Nc5e4
20.Qb1c2 Bd6xe5
21.fxe5 Nf6d7
22.Ra1c1 Nd7xe5
23.Nd4f3 f6
24.Nf3d4 Qc7d6
25.Be2f3 Ne4g5
26.Bf3h5 dxc4
27.bxc4 Rc8xc4
28.Qc2e2 Rf8c8
29.Rc1d1 Qd6e7
30.Nd4f3 Ne5xf3
31.Bh5xf3 Bb7xf3
32.gxf3 b5
33.Rd1c1 Qe7b7
34.e4 e5
35.h4 Ng5h3
36.Kh2 Nh3f4
37.Qe2d2 Qb7e7
38.Rc1d1 Rc4c2
{ resign }
0-1

[Event "Match"]
[Site "www.echecsemail.com"]
[Date "2017.11.21"]
[Round "1"]
[White "Liencam2"]
[Black "Silverking"]
[WhiteElo "2230"]
[BlackElo "2139"]
[Result "1-0"]
[Round "1"]
1.e4 c5
2.Nb1c3 Nb8c6
3.Ng1f3 d6
4.d4 cxd4
5.Nf3xd4 Bc8d7
6.Bc1e3 Ng8f6
7.f3 g6
8.Qd1d2 Bf8g7
9.O-O-O O-O
10.g4 a6
11.h4 b5
12.h5 Nc6e5
13.Bf1g2 Ne5c4
14.Qd2f2 Bd7xg4
15.hxg6 fxg6
16.Be3h6 Bg4d7
17.Bh6xg7 Kxg7
18.Bg2h3 Bd7xh3
19.Rh1xh3 Qd8d7
20.Qf2h4 h5
21.Rd1g1 Kf7
22.Qh4g5 Rf8g8
23.Rh3g3 Nc4e5
24.Nc3d5 Nf6xd5
25.exd5 Qd7b7
26.Qg5f4 Ke8
27.Qf4e4 Kd7
28.f4 h4
29.Rg3c3 b4
30.Rc3c6 b3
31.axb3 Qb7b4
32.fxe5 Ra8e8
33.Qe4g4 e6
34.dxe6 { resign }
1-0

[Event "Match"]
[Site "www.echecsemail.com"]
[Date "2017.11.21"]
[Round "1"]
[White "Apdash"]
[Black "Pinehill"]
[WhiteElo "2320"]
[BlackElo "2080"]
[Result "1-0"]
[Round "1"]
1.d4 Ng8f6
2.c4 e6
3.Ng1f3 d5
4.cxd5 exd5
5.Nb1c3 c6
6.Bc1g5 Nb8d7
7.e3 h6
8.Bg5h4 Bf8e7
9.Bf1d3 O-O
10.O-O Rf8e8
11.Qd1c2 Qd8c7
12.Bh4g3 Be7d6
13.Ra1c1 Nd7f8
14.Nf3e5 Bc8e6
15.f4 Nf6g4
16.Qc2e2 Ng4xe5
17.dxe5 Bd6c5
18.Kh1 Qc7d7
19.f5 d4
20.Nc3a4 Bc5b4
21.fxe6 Nf8xe6
22.exd4 Ne6xd4
23.Qe2e4 f5
24.Qe4e3 Ra8d8
25.Na4c5 Bb4xc5
26.Rc1xc5 Qd7e6
27.Bd3c4 Rd8d5
28.Bc4xd5 cxd5
29.Qe3xd4 { resign }
1-0

[Event "Match"]
[Site "www.echecsemail.com"]
[Date "2017.11.21"]
[Round "1"]
[White "Gidi5"]
[Black "Pellix84"]
[WhiteElo "2310"]
[BlackElo "2070"]
[Result "1-0"]
[Round "1"]
1.e4 c5
2.Ng1f3 d6
3.d4 cxd4
4.Nf3xd4 Ng8f6
5.Nb1c3 Nb8d7
6.Bf1e2 Nd7c5
7.Be2f3 g6
8.O-O Bf8g7
9.Bc1e3 O-O
10.h3 Bc8d7
11.Qd1d2 Rf8e8
12.Rf1d1 a6
13.Nd4b3 Nc5a4
14.Nc3xa4 Bd7xa4
15.Qd2b4 Ba4c6
16.Nb3a5 Nf6d7
17.Na5xc6 bxc6
18.c3 a5
19.Qb4a4 Nd7e5
20.Bf3e2 Ra8b8
21.Rd1d2 e6
22.f4 Ne5d7
23.Qa4xc6 d5
24.exd5 exd5
25.Rd2xd5 Re8xe3
26.Rd5xd7 Qd8e8
27.Be2c4 Re3e7
28.Ra1d1 Bg7h6
29.Qc6c7 Re7xd7
30.Qc7xd7 Qe8e3
31.Kh1 Qe3xf4
32.b3 Rb8f8
33.Rd1f1 { resign }
1-0

[Event "Match"]
[Site "www.echecsemail.com"]
[Date "2017.11.21"]
[Round "1"]
[White "Mrmoto"]
[Black "Sonny1000"]
[WhiteElo "1710"]
[BlackElo "1580"]
[Result "1-0"]
[Round "1"]
1.e4 e5
2.Ng1f3 f6
3.Nf3xe5 fxe5
4.Nb1c3 c6
5.d4 Ng8e7
6.dxe5 Ne7g6
7.f4 Bf8c5
8.Bf1e2 Qd8h4
9.g3 Rh8f8
10.gxh4 Ng6xf4
11.Bc1xf4 Rf8xf4
12.h5 Bc5f2
13.Kd2 Bf2d4
14.Kd3 Rf4f2
15.Kxd4 b6
16.Ke3 Rf2f7
17.Qd1d6 Rf7e7
18.Qd6c7 Nb8a6
19.Qc7d6 Re7e6
20.Qd6d1 h6
21.Be2c4 Re6xe5
22.Qd1d6 Re5e7
23.Ra1f1 Re7e6
24.Bc4xe6 Na6c5
25.Rf1f8 { resign }
1-0

[Event "Match"]
[Site "www.echecsemail.com"]
[Date "2017.11.21"]
[Round "1"]
[White "Bojan"]
[Black "Mitja"]
[WhiteElo "1990"]
[BlackElo "2010"]
[Result "1/2-1/2"]
[Round "1"]
1.c3 d5
2.Ng1f3 e6
3.d4 h6
4.h4 Ng8f6
5.Nf3e5 Nb8d7
6.f3 Nd7xe5
7.dxe5 Nf6d7
8.f4 c6
9.Bc1e3 Nd7b6
10.Be3f2 Bf8e7
11.Qd1d3 Nb6c4
12.b3 Nc4b6
13.Nb1d2 f5
14.exf6 Be7xf6
15.Ra1d1 Nb6d7
16.Nd2f3 b6
17.g4 Bc8b7
18.Qd3g6 Kf8
19.Bf1g2 Bf6xc3
20.Nf3d2 Qd8f6
21.Qg6xf6 Bc3xf6
22.e4 Bf6e7
23.O-O Be7d6
24.f5 exf5
25.exd5 cxd5
26.gxf5 Bd6c5
27.Nd2b1 Bc5xf2
28.Rf1xf2 Nd7f6
29.Nb1c3 Ra8d8
30.Rf2d2 Kf7
31.Nc3xd5 Bb7xd5
32.Bg2xd5 Nf6xd5
33.Rd2xd5 Rd8xd5
34.Rd1xd5 Rh8e8
35.Rd5d6 Re8e7
36.Kf2 Re7e4
37.Rd6d7 Re4e7
38.Rd7xe7 { draw }
1/2-1/2

[Event "Match"]
[Site "www.echecsemail.com"]
[Date "2017.11.21"]
[Round "1"]
[White "Tonino1"]
[Black "Canario"]
[WhiteElo "2310"]
[BlackElo "1880"]
[Result "1-0"]
[Round "1"]
1.d4 d5
2.f4 Nb8c6
3.e3 Ng8f6
4.c3 Bc8f5
5.Bf1d3 Qd8d7
6.Ng1f3 e6
7.O-O Bf5e4
8.Bd3xe4 Nf6xe4
9.Nb1d2 f5
10.Nf3e5 Nc6xe5
11.fxe5 Bf8e7
12.Nd2xe4 dxe4
13.b3 g5
14.Qd1h5 Kd8
15.Bc1b2 Qd7e8
16.Qh5h6 Qe8f7
17.c4 Kd7
18.d5 Ra8g8
19.dxe6 Qf7xe6
20.Ra1d1 Be7d6
21.Qh6xe6 Kxe6
22.exd6 cxd6
23.Bb2xh8 Rg8xh8
24.Rd1d5 Rh8f8
25.g4 f4
26.Rd5xg5 f3
27.Rg5g7 { resign }
1-0

[Event "1/64 Finale"]
[Site "www.chess-mail.com"]
[Date "2017.11.21"]
[Round "1"]
[White "Bronstein70"]
[Black "Hennie4820"]
[WhiteElo "2420"]
[BlackElo "2080"]
[Result "1-0"]
[Round "1"]
1.e4 c5
2.f4 e6
3.Nb1c3 Nb8c6
4.Ng1f3 d6
5.Bf1b5 Ng8e7
6.O-O a6
7.Bb5xc6 Ne7xc6
8.Ra1b1 b5
9.d4 cxd4
10.Nf3xd4 Bc8b7
11.f5 e5
12.Nd4xc6 Bb7xc6
13.Bc1e3 Bf8e7
14.Nc3d5 O-O
15.c3 Ra8c8
16.Rb1c1 f6
17.c4 bxc4
18.Rc1xc4 Bc6xd5
19.Qd1xd5 Kh8
20.Rf1c1 Rc8xc4
21.Rc1xc4 Qd8b8
22.b4 h6
23.a4 Rf8c8
24.b5 axb5
25.axb5 Rc8xc4
26.Qd5xc4 Qb8b7
27.Qc4c6 Qb7b8
28.b6 Kh7
29.b7 { resign }
1-0

[Event "Fast Game"]
[Site "www.echecsemail.com"]
[Date "2017.11.21"]
[Round "1"]
[White "Pellix84"]
[Black "Hennie4820"]
[WhiteElo "1690"]
[BlackElo "1650"]
[Result "1-0"]
[Round "1"]
1.d4 Ng8f6
2.Bc1f4 g6
3.Nb1d2 Bf8g7
4.Ng1f3 O-O
5.e4 d6
6.Bf1c4 Nb8d7
7.c3 Rf8e8
8.Nf3g5 e6
9.e5 dxe5
10.dxe5 Nf6d5
11.Qd1f3 Nd5xf4
12.Qf3xf4 Nd7xe5
13.Ra1d1 Ne5xc4
14.Qf4xf7 Kh8
15.Nd2xc4 Qd8e7
16.Qf7xe7 Re8xe7
17.Rd1d8 Bg7f8
18.Rd8xf8 Kg7
19.Rf8f3 h6
20.Ng5h3 g5
21.Nc4e5 b6
22.O-O Bc8b7
23.Rf3g3 Ra8d8
24.Nh3f4 Kf6
25.Ne5g4 Kf5
26.Nf4h5 Kg6
27.Ng4f6 Rd8f8
28.f4 e5
29.fxg5 hxg5
30.h4 { resign }
1-0

[Event "Tourn. n9576"]
[Site "www.chess-mail.com"]
[Date "2017.11.22"]
[Round "1"]
[White "Apdash"]
[Black "Norlavuaram"]
[WhiteElo "2230"]
[BlackElo "2150"]
[Result "1-0"]
[Round "1"]
1.e4 e5
2.Bf1c4 Bf8e7
3.Ng1f3 d6
4.d4 Nb8c6
5.O-O Ng8f6
6.dxe5 dxe5
7.Qd1e2 O-O
8.Bc1g5 h6
9.Bg5h4 Nc6d4
10.Nf3xd4 Qd8xd4
11.Bh4xf6 Be7xf6
12.Nb1c3 c6
13.Ra1d1 Qd4b6
14.Bc4b3 Rf8d8
15.Qe2h5 Qb6c7
16.Rd1xd8 Bf6xd8
17.Nc3e2 Bd8f6
18.f4 exf4
19.Ne2xf4 b6
20.Nf4g6 Bc8a6
21.Rf1xf6 gxf6
22.Qh5xh6 { resign }
1-0

[Event "Tourn. n9561"]
[Site "www.chess-mail.com"]
[Date "2017.11.22"]
[Round "1"]
[White "Norlavuaram"]
[Black "Luban"]
[WhiteElo "2130"]
[BlackElo "2090"]
[Result "1-0"]
[Round "1"]
1.e4 c6
2.Qd1e2 d5
3.d3 dxe4
4.dxe4 e5
5.h3 h6
6.Ng1f3 Bf8d6
7.g3 Ng8f6
8.Bf1g2 O-O
9.O-O Nb8a6
10.Rf1d1 Qd8c7
11.c3 Na6c5
12.Nf3e1 b6
13.Nb1d2 Bc8b7
14.b4 Nc5a4
15.Qe2e3 b5
16.Nd2b3 c5
17.a3 cxb4
18.cxb4 Na4c3
19.Rd1d3 Nc3xe4
20.Bc1b2 Rf8d8
21.Ra1c1 Qc7e7
22.Nb3a5 a6
23.Na5xb7 Qe7xb7
24.Rc1d1 Qb7e7
25.Bg2xe4 Nf6xe4
26.Qe3xe4 Ra8c8
27.Bb2xe5 Rc8c4
28.Rd3d4 Rd8e8
29.Rd4xc4 bxc4
30.Ne1f3 Bd6xe5
31.Rd1e1 Be5f6
32.Qe4xc4 { resign }
1-0

[Event "Tourn. n9527"]
[Site "www.chess-mail.com"]
[Date "2017.11.22"]
[Round "1"]
[White "Norlavuaram"]
[Black "Amaya"]
[WhiteElo "2070"]
[BlackElo "2070"]
[Result "1-0"]
[Round "1"]
1.e4 e6
2.d4 d5
3.Nb1d2 c5
4.exd5 exd5
5.Bf1b5 Bc8d7
6.Qd1e2 Ng8e7
7.Ng1f3 c4
8.Bb5xd7 Nb8xd7
9.O-O Qd8c7
10.c3 O-O-O
11.Rf1e1 Ne7g6
12.g3 h5
13.h4 Nd7f6
14.Nf3e5 Rd8e8
15.Nd2f3 Nf6g4
16.Qe2c2 Ng6xe5
17.dxe5 g6
18.Bc1f4 Qc7b6
19.Nf3g5 Re8e7
20.Ra1d1 Bf8h6
21.Rd1xd5 Bh6xg5
22.Bf4xg5 f6
23.Rd5d6 Qb6c5
24.Bg5c1 Ng4xe5
25.Rd6xf6 Ne5g4
26.Rf6e6 Re7xe6
27.Re1xe6 Rh8f8
28.Bc1f4 Rf8d8
29.Re6xg6 Rd8d1
30.Kg2 Qc5d5
31.f3 Rd1d3
32.Qc2e2 b6
33.Qe2e8 Kb7
34.Rg6g7 Ka6
35.Qe8a4 Qd5a5
36.Qa4xc4 Qa5b5
37.Rg7xa7 { resign }
1-0

[Event "Tourn. n9608"]
[Site "www.chess-mail.com"]
[Date "2017.11.22"]
[Round "1"]
[White "Apdash"]
[Black "Joaodelisboa"]
[WhiteElo "2260"]
[BlackElo "2080"]
[Result "1-0"]
[Round "1"]
1.d4 d5
2.Ng1f3 e6
3.e3 c5
4.c4 Nb8c6
5.cxd5 exd5
6.Bf1b5 Bc8d7
7.O-O Ng8f6
8.Nb1c3 Bf8d6
9.dxc5 Bd6xc5
10.Nc3xd5 O-O
11.Nd5xf6 gxf6
12.Qd1d5 Bc5e7
13.Qd5h5 Nc6e5
14.Rf1d1 Bd7g4
15.Rd1xd8 Ne5xf3
16.gxf3 Bg4xh5
17.Rd8xa8 Rf8xa8
18.Kg2 Ra8d8
19.Bb5e2 f5
20.a4 Be7f6
21.Ra1b1 Rd8c8
22.Be2d3 Bh5g6
23.b3 Rc8c3
24.Bd3c4 Rc3c2
25.Bc1a3 Bf6h4
26.Rb1b2 Rc2xb2
27.Ba3xb2 Bh4d8
28.Bb2e5 b6
29.Kg3 a5
30.Kf4 h6
31.Kg3 Kh7
32.Bc4d5 Kg8
33.e4 fxe4
34.fxe4 Kh7
35.Be5d6 Kg7
36.Kg4 f6
37.f4 Bg6e8
38.e5 h5
39.Kg3 fxe5
40.fxe5 Be8g6
41.Kf4 Bg6e8
42.Bd5c4 Kg6
43.e6 Kf6
44.Bd6e5 Kg6
45.Bc4d3 Kh6
46.Be5d6 Bd8g5
47.Ke5 Kg7
48.Bd3c4 Bg5f6
49.Kd5 Bf6g5
50.Bd6e5 Kf8
51.Kd6 Bg5d8
52.Kd5 Ke7
53.Be5d6 Kf6
54.Bd6g3 Kg7
55.Kd6 Kf8
56.Bg3f4 Bd8e7
57.Kc7 { resign }
1-0

[Event "Tourn. n9596"]
[Site "www.chess-mail.com"]
[Date "2017.11.22"]
[Round "1"]
[White "Roque1"]
[Black "Joaodelisboa"]
[WhiteElo "1870"]
[BlackElo "1929"]
[Result "0-1"]
[Round "1"]
1.e4 c5
2.Ng1f3 e6
3.d4 cxd4
4.Nf3xd4 Ng8f6
5.Bf1d3 Nb8c6
6.Bc1e3 Bf8e7
7.Nb1c3 O-O
8.O-O d5
9.Qd1d2 Nc6xd4
10.Be3xd4 dxe4
11.Bd3xe4 Be7b4
12.a3 Nf6xe4
13.Qd2e3 Bb4xc3
14.bxc3 Ne4f6
15.Ra1d1 Qd8c7
16.Bd4e5 Qc7e7
17.Be5d6 Qe7e8
18.Rd1d3 b6
19.Qe3f3 Bc8a6
20.Rf1d1 Ba6xd3
21.Rd1xd3 Qe8b5
22.Bd6xf8 Ra8xf8
23.h3 Qb5b1
24.Rd3d1 Qb1xc2
25.Rd1d4 h6
26.Qf3g3 Nf6e4
27.Qg3e3 Ne4xc3
28.Rd4d2 Qc2c1
29.Kh2 Nc3d5
30.Rd2d4 Nd5xe3
{ resign }
0-1

[Event "Tourn. n9606"]
[Site "www.chess-mail.com"]
[Date "2017.11.22"]
[Round "1"]
[White "Estonia"]
[Black "Claymil"]
[WhiteElo "1980"]
[BlackElo "2080"]
[Result "1-0"]
[Round "1"]
1.e4 c5
2.Ng1f3 Nb8c6
3.d4 cxd4
4.Nf3xd4 g6
5.Bf1c4 Bf8g7
6.c3 a6
7.Nb1a3 Qd8c7
8.Nd4xc6 Qc7xc6
9.Qd1e2 b5
10.Bc4d5 Bg7xc3
11.Kf1 Qc6c7
12.bxc3 Ra8b8
13.Bc1b2 Ng8f6
14.c4 bxc4
15.Bb2xf6 exf6
16.Na3xc4 O-O
17.g3 Rf8e8
18.Kg2 f5
19.Rh1c1 Qc7d8
20.Nc4d6 Re8e7
21.Qe2c4 Qd8f8
22.Qc4c7 { resign }
1-0

[Event "Tourn. n9536"]
[Site "www.chess-mail.com"]
[Date "2017.11.22"]
[Round "1"]
[White "Azulmarino"]
[Black "Jjmcbride"]
[WhiteElo "1570"]
[BlackElo "1600"]
[Result "0-1"]
[Round "1"]
1.e4 e5
2.Ng1f3 d6
3.Nb1c3 a6
4.Bf1c4 b5
5.Bc4d5 c6
6.Bd5b3 h6
7.d4 Qd8f6
8.dxe5 dxe5
9.Bc1e3 Nb8d7
10.Qd1d3 Nd7c5
11.Be3xc5 Bf8xc5
12.Nc3e2 Bc8d7
13.Ne2g3 O-O-O
14.Ng3h5 Qf6e7
15.Nh5xg7 Bd7g4
16.h3 Rd8xd3
17.cxd3 Bc5b4
18.Kd1 Bg4xf3
19.gxf3 Qe7g5
20.Ng7e8 Qg5d2
{ resign }
0-1

[Event "Tourn. n9621"]
[Site "www.chess-mail.com"]
[Date "2017.11.22"]
[Round "1"]
[White "Fantomas"]
[Black "Vios"]
[WhiteElo "2120"]
[BlackElo "2210"]
[Result "1/2-1/2"]
[Round "1"]
1.e4 c6
2.Ng1f3 d5
3.exd5 cxd5
4.d4 Nb8c6
5.Bf1e2 Bc8g4
6.h3 Bg4h5
7.Bc1f4 e6
8.c3 Ng8f6
9.Nb1d2 Bf8d6
10.Nf3e5 Bh5xe2
11.Qd1xe2 Qd8c7
12.Nd2f3 O-O
13.Qe2e3 Nf6e4
14.Ne5d3 Bd6xf4
15.Qe3xf4 Qc7xf4
{ draw }
1/2-1/2

[Event "Tourn. n9601"]
[Site "www.chess-mail.com"]
[Date "2017.11.22"]
[Round "1"]
[White "Cristiano"]
[Black "Dussek"]
[WhiteElo "1780"]
[BlackElo "1820"]
[Result "1-0"]
[Round "1"]
1.e4 e5
2.f4 exf4
3.Ng1f3 d6
4.Bf1c4 Bc8g4
5.O-O Ng8f6
6.Nb1c3 Bf8e7
7.d4 Nb8d7
8.Bc1xf4 O-O
9.Qd1d3 Nd7b6
10.Bc4b3 Nf6h5
11.Bf4d2 Qd8d7
12.Nf3g5 Be7xg5
13.Bd2xg5 h6
14.Bg5h4 Ra8e8
15.Ra1e1 Nb6c8
16.Nc3d5 g5
17.Bh4g3 Nc8e7
18.Nd5f6 Nh5xf6
19.Rf1xf6 Ne7g6
20.Rf6xg6 Kh7
21.Rg6f6 Kg7
22.Rf6f1 Bg4e6
23.d5 Be6g4
24.Qd3d4 Kg8
25.Qd4f6 Kh7
26.c4 Bg4h5
27.h3 Bh5g6
28.Bb3c2 Qd7e7
29.Bc2b1 Rf8g8
30.Qf6xe7 Re8xe7
31.Re1e3 Rg8e8
32.Rf1e1 f5
33.Bg3f2 b6
34.exf5 Re7xe3
35.fxg6 Kg7
36.Bf2xe3 { resign }
1-0

[Event "Tourn. n9612"]
[Site "www.chess-mail.com"]
[Date "2017.11.22"]
[Round "1"]
[White "Libiesse"]
[Black "Caspito"]
[WhiteElo "1890"]
[BlackElo "1980"]
[Result "1/2-1/2"]
[Round "1"]
1.d4 Ng8f6
2.c4 g6
3.Nb1c3 Bf8g7
4.Ng1f3 b6
5.g3 Bc8b7
6.Bf1g2 O-O
7.Bc1g5 d6
8.O-O Nb8d7
9.e3 a6
10.Rf1e1 Nf6e4
11.g4 Nd7f6
12.Bg5xf6 Bg7xf6
13.Nf3d2 Ne4xf2
14.Kxf2 Bf6h4
15.Kg1 Bb7xg2
16.Kxg2 Bh4xe1
17.Qd1xe1 Qd8d7
18.Qe1g3 { draw }
1/2-1/2